01330cam a22002531 45000010008000000030004000080050017000120080041000290100017000700400018000870430012001050500017001170820018001341000020001522450092001722500014002642600047002783000023003254900091003485040029004395050519004686500039009876500050010263115352OSt20240422180859.0711020s1966 enk b 000 0 eng  a 66025316  aDLCcDLCdDLC ae-ur---00aBF108.R8bO300a150/.947bPRE1 aO'Connor, Neil.10aPresent-day Russian psychology;ca symposium by seven authors, edited by Neil O'Connor. a[1st ed.] aOxford,aNew York,bPergamon Pressc[1966] axv, 201 p.c20 cm.0 aThe Commonwealth and international library. Mental health and social medicine division aIncludes bibliographies.0 aEditor's introduction.--Attention, consciousness, and voluntary control of behaviour in Soviet psychology; philosophical roots and research branches, by J. A. Gray.--Psychotherapy in the Soviet Union, by B. H. Kirman.--Some statistical and cybernetic models in recent Soviet psychology, by P. M. A. Rabbitt.--Abnormal psychology in the U.S.S.R., by R. Lynn.--Soviet psycholinguistics, by D. I. Slobin.--Studies on the mental development of the child, by L. Rahmani.--Contemporary Soviet psychology, by J. Brožek. 0aPsychologyzSoviet UnionxHistory. 0aPsychologyxStudy and teachingzSoviet Union.